[Event "Russian Blitz Team Championship (w)"]
[Site "Sochi"]
[Date "2022.10.17"]
[Round "11.3"]
[White "Garifullina, Leya"]
[Black "Nazarova, Anastasia"]
[Result "0-1"]
[BlackElo "2089"]
[WhiteElo "2267"]
[LiveChessVersion "1.4.8"]

1. e4 {[%clk 0:03:03]} e5 {[%clk 0:03:04]} 2. Nf3 Nc6 3. Bb5 {[%clk 0:03:05]} a6
4. Ba4 d6 {[%clk 0:03:07]} 5. O-O {[%clk 0:03:05]} Bd7 {[%clk 0:03:08]} 6. c3
{[%clk 0:03:04]} g6 {[%clk 0:03:07]} 7. d4 {[%clk 0:03:05]} Bg7 {[%clk 0:03:05]}
8. Re1 {[%clk 0:03:05]} Nge7 {[%clk 0:03:02]} 9. d5 {[%clk 0:02:46]} Nb8
{[%clk 0:03:02]} 10. c4 {[%clk 0:02:43]} O-O {[%clk 0:02:51]} 11. Bxd7
{[%clk 0:02:43]} Nxd7 {[%clk 0:02:51]} 12. Nc3 {[%clk 0:02:44]} h6
{[%clk 0:02:49]} 13. Rb1 {[%clk 0:02:34]} a5 {[%clk 0:02:43]} 14. a3
{[%clk 0:02:35]} f5 {[%clk 0:02:43]} 15. exf5 {[%clk 0:02:22]} gxf5
{[%clk 0:02:26]} 16. Nh4 {[%clk 0:02:04]} Kh7 {[%clk 0:02:01]} 17. Qc2
{[%clk 0:01:39]} Qe8 {[%clk 0:01:46]} 18. f4 {[%clk 0:01:34]} Qh5
{[%clk 0:01:23]} 19. Nf3 {[%clk 0:01:19]} Ng6 {[%clk 0:01:10]} 20. Qf2
{[%clk 0:01:09]} Nc5 {[%clk 0:01:00]} 21. Rf1 {[%clk 0:00:48]} Nd3
{[%clk 0:00:52]} 22. Qc2 {[%clk 0:00:15]} Ngxf4 {[%clk 0:00:40]} 23. Bxf4
{[%clk 0:00:15]} Nxf4 {[%clk 0:00:41]} 24. g3 {[%clk 0:00:14]} Ng6
{[%clk 0:00:33]} 25. Kh1 {[%clk 0:00:07]} e4 {[%clk 0:00:34]} 26. Ng1
{[%clk 0:00:07]} Be5 {[%clk 0:00:31]} 27. Nce2 {[%clk 0:00:07]} Qg5
{[%clk 0:00:22]} 28. Qc1 {[%clk 0:00:08]} Qxc1 {[%clk 0:00:15]} 29. Rfxc1
{[%clk 0:00:07]} a4 {[%clk 0:00:15]} 30. b3 {[%clk 0:00:06]} axb3
{[%clk 0:00:16]} 31. Rxb3 {[%clk 0:00:08]} b6 {[%clk 0:00:17]} 32. Rc2
{[%clk 0:00:06]} Ra4 {[%clk 0:00:18]} 33. Rb4 Rxa3 {[%clk 0:00:18]} 34. Nh3
{[%clk 0:00:05]} Ra1+ {[%clk 0:00:19]} 35. Kg2 {[%clk 0:00:06]} Rfa8
{[%clk 0:00:17]} 36. Nhf4 {[%clk 0:00:07]} Nxf4+ {[%clk 0:00:18]} 37. gxf4
{[%clk 0:00:08]} Bf6 {[%clk 0:00:16]} 38. Ng3 {[%clk 0:00:09]} R1a2
{[%clk 0:00:13]} 39. Rxa2 {[%clk 0:00:09]} Rxa2+ {[%clk 0:00:15]} 40. Kh3
{[%clk 0:00:10]} Kg6 {[%clk 0:00:16]} 41. Rb1 {[%clk 0:00:10]} e3
{[%clk 0:00:08]} 42. Rg1 {[%clk 0:00:09]} Kf7 {[%clk 0:00:05]} 43. Re1
{[%clk 0:00:06]} Bd4 {[%clk 0:00:04]} 44. Nxf5 {[%clk 0:00:07]} Bc5
{[%clk 0:00:05]} 45. Nxh6+ {[%clk 0:00:06]} Kg6 {[%clk 0:00:06]} 46. Ng4
{[%clk 0:00:06]} e2 {[%clk 0:00:05]} 47. Kg3 {[%clk 0:00:05]} Bb4
{[%clk 0:00:07]} 48. Kf2 {[%clk 0:00:06]} Bxe1+ 49. Kxe1 {[%clk 0:00:07]} Kf5
{[%clk 0:00:08]} 50. Ne3+ {[%clk 0:00:08]} Kxf4 {[%clk 0:00:09]} 51. Ng2+
{[%clk 0:00:09]} Kf3 {[%clk 0:00:09]} 52. Nh4+ {[%clk 0:00:10]} Kg4
{[%clk 0:00:10]} 53. Ng2 {[%clk 0:00:11]} Kh3 {[%clk 0:00:11]} 54. Nf4+
{[%clk 0:00:12]} Kxh2 {[%clk 0:00:12]} 55. Ne6 {[%clk 0:00:14]} Kg3
{[%clk 0:00:11]} 56. Nd4 {[%clk 0:00:14]} Kf4 {[%clk 0:00:11]} 57. Kf2
{[%clk 0:00:14]} Ke4 {[%clk 0:00:12]} 58. Nb5 {[%clk 0:00:15]} Kd3
{[%clk 0:00:09]} 59. Nxc7 {[%clk 0:00:15]} Kd2 {[%clk 0:00:10]} 0-1

[Event "Russian Blitz Team Championship (w)"]
[Site "Sochi"]
[Date "2022.10.17"]
[Round "11.4"]
[White "Reger, Valeriia"]
[Black "Kovanova, Baira"]
[Result "1/2-1/2"]
[BlackElo "2217"]
[WhiteElo "1939"]
[LiveChessVersion "1.4.8"]

1. d4 {[%clk 0:03:03]} d5 {[%clk 0:03:02]} 2. Nf3 {[%clk 0:03:04]} e6
{[%clk 0:03:02]} 3. Bf4 {[%clk 0:03:05]} Nf6 {[%clk 0:03:03]} 4. e3
{[%clk 0:03:06]} Bd6 {[%clk 0:03:04]} 5. Bg3 {[%clk 0:03:07]} c5 {[%clk 0:03:03]}
6. c3 {[%clk 0:03:08]} Qc7 {[%clk 0:03:04]} 7. dxc5 {[%clk 0:03:00]} Bxg3
{[%clk 0:02:49]} 8. hxg3 {[%clk 0:03:01]} Qxc5 {[%clk 0:02:50]} 9. Qd4
{[%clk 0:02:56]} Qc7 {[%clk 0:02:40]} 10. Bd3 {[%clk 0:02:52]} Nc6
{[%clk 0:02:39]} 11. Qh4 {[%clk 0:02:51]} e5 {[%clk 0:02:15]} 12. e4
{[%clk 0:02:39]} dxe4 {[%clk 0:02:05]} 13. Bxe4 {[%clk 0:02:33]} h6
{[%clk 0:02:00]} 14. Nbd2 {[%clk 0:02:26]} Be6 {[%clk 0:01:45]} 15. Ng5
{[%clk 0:02:05]} Qd7 {[%clk 0:01:37]} 16. Nxe6 {[%clk 0:01:58]} Qxe6
{[%clk 0:01:38]} 17. Qh3 {[%clk 0:01:36]} Qe7 {[%clk 0:01:30]} 18. Qf5
{[%clk 0:01:28]} Rd8 {[%clk 0:01:29]} 19. Rd1 {[%clk 0:01:26]} Nxe4
{[%clk 0:01:23]} 20. Nxe4 {[%clk 0:01:17]} Rxd1+ {[%clk 0:01:22]} 21. Kxd1
{[%clk 0:01:18]} Qd7+ {[%clk 0:00:51]} 22. Qxd7+ {[%clk 0:01:18]} Kxd7
{[%clk 0:00:52]} 23. Kc2 {[%clk 0:01:18]} b6 {[%clk 0:00:43]} 24. g4
{[%clk 0:01:17]} Ke7 {[%clk 0:00:28]} 25. g5 {[%clk 0:01:18]} Nd8
{[%clk 0:00:25]} 26. gxh6 {[%clk 0:01:17]} gxh6 {[%clk 0:00:26]} 27. Rh5
{[%clk 0:01:11]} f6 {[%clk 0:00:24]} 28. Ng3 {[%clk 0:01:13]} Ke6
{[%clk 0:00:20]} 29. Nf5 {[%clk 0:00:54]} Nf7 {[%clk 0:00:22]} 30. Ng7+
{[%clk 0:00:55]} Ke7 {[%clk 0:00:21]} 31. Nf5+ {[%clk 0:00:57]} Ke6
{[%clk 0:00:23]} 32. Ng7+ {[%clk 0:00:58]} Ke7 {[%clk 0:00:19]} 33. Nf5+
{[%clk 0:00:59]} Ke6 {[%clk 0:00:20]} 34. Ng7+ {[%clk 0:01:01]} Ke7
{[%clk 0:00:22]} 35. Nf5+ {[%clk 0:01:02]} 1/2-1/2

[Event "Russian Blitz Team Championship (w)"]
[Site "Sochi"]
[Date "2022.10.17"]
[Round "11.5"]
[White "Shuvalova, Polina"]
[Black "Lysenko, Margarita"]
[Result "1-0"]
[BlackElo "2150"]
[WhiteElo "2392"]
[LiveChessVersion "1.4.8"]

1. d4 {[%clk 0:03:03]} Nf6 {[%clk 0:02:59]} 2. Nf3 {[%clk 0:03:04]} e6
{[%clk 0:02:54]} 3. Bf4 {[%clk 0:03:05]} d5 {[%clk 0:02:54]} 4. e3
{[%clk 0:03:06]} Bd6 {[%clk 0:02:34]} 5. Bxd6 {[%clk 0:03:06]} Qxd6
{[%clk 0:02:26]} 6. c4 {[%clk 0:03:07]} dxc4 {[%clk 0:02:15]} 7. Nbd2
{[%clk 0:03:08]} O-O {[%clk 0:02:00]} 8. Nxc4 {[%clk 0:03:01]} Qe7
{[%clk 0:01:56]} 9. Rc1 {[%clk 0:02:58]} b6 {[%clk 0:01:48]} 10. Be2
{[%clk 0:02:54]} Bb7 {[%clk 0:01:48]} 11. O-O {[%clk 0:02:54]} Nbd7
{[%clk 0:01:48]} 12. a3 {[%clk 0:02:42]} Rfd8 {[%clk 0:01:39]} 13. b4
{[%clk 0:02:37]} Rac8 {[%clk 0:01:09]} 14. Qa4 {[%clk 0:02:27]} a6
{[%clk 0:01:07]} 15. Qb3 {[%clk 0:02:26]} Bd5 {[%clk 0:01:04]} 16. Qb2
{[%clk 0:02:25]} c5 {[%clk 0:00:40]} 17. Nce5 {[%clk 0:01:57]} cxb4
{[%clk 0:00:31]} 18. axb4 {[%clk 0:01:55]} a5 {[%clk 0:00:21]} 19. bxa5
{[%clk 0:01:05]} bxa5 {[%clk 0:00:22]} 20. Ra1 {[%clk 0:01:06]} Ra8
{[%clk 0:00:15]} 21. Ra3 {[%clk 0:00:51]} Nxe5 {[%clk 0:00:13]} 22. Nxe5
{[%clk 0:00:51]} Qb4 {[%clk 0:00:09]} 23. Qa1 {[%clk 0:00:48]} h6
{[%clk 0:00:06]} 24. Rb1 {[%clk 0:00:47]} Qe7 {[%clk 0:00:05]} 25. Rxa5
{[%clk 0:00:45]} Rxa5 26. Qxa5 {[%clk 0:00:46]} Ne4 {[%clk 0:00:05]} 27. Bf3
{[%clk 0:00:39]} Rc8 {[%clk 0:00:03]} 28. h3 {[%clk 0:00:19]} Kh7
{[%clk 0:00:03]} 29. Qe1 {[%clk 0:00:12]} Rc7 {[%clk 0:00:04]} 30. Nd3
{[%clk 0:00:11]} f5 {[%clk 0:00:04]} 31. Rc1 {[%clk 0:00:11]} Ra7
{[%clk 0:00:04]} 32. Nf4 {[%clk 0:00:11]} Ba8 {[%clk 0:00:04]} 33. Bh5
{[%clk 0:00:07]} Rc7 1-0

[Event "Russian Blitz Team Championship (w)"]
[Site "Sochi"]
[Date "2022.10.17"]
[Round "11.6"]
[White "Smirnova, Ekaterina"]
[Black "Gunina, Valentina"]
[Result "0-1"]
[BlackElo "2376"]
[WhiteElo "2088"]
[LiveChessVersion "1.4.8"]

1. d4 {[%clk 0:03:02]} d5 {[%clk 0:03:01]} 2. c4 {[%clk 0:03:04]} c6
{[%clk 0:03:02]} 3. Nc3 {[%clk 0:03:04]} Nf6 {[%clk 0:03:03]} 4. Nf3
{[%clk 0:03:06]} dxc4 {[%clk 0:03:03]} 5. a4 {[%clk 0:03:06]} Bf5
{[%clk 0:03:04]} 6. e3 {[%clk 0:03:05]} e6 {[%clk 0:03:05]} 7. Bxc4
{[%clk 0:03:05]} Bb4 {[%clk 0:03:05]} 8. O-O {[%clk 0:03:04]} O-O
{[%clk 0:03:05]} 9. Qe2 {[%clk 0:03:02]} Bg6 {[%clk 0:03:06]} 10. Ne5
{[%clk 0:02:53]} Nbd7 {[%clk 0:03:07]} 11. Nxg6 {[%clk 0:02:52]} hxg6
{[%clk 0:03:07]} 12. Rd1 {[%clk 0:02:39]} Qc7 {[%clk 0:03:07]} 13. e4
{[%clk 0:02:14]} e5 {[%clk 0:03:08]} 14. dxe5 {[%clk 0:01:57]} Nxe5
{[%clk 0:03:09]} 15. Bb3 {[%clk 0:01:54]} Rad8 {[%clk 0:03:03]} 16. Bf4
{[%clk 0:01:50]} Nh5 {[%clk 0:03:02]} 17. Be3 {[%clk 0:01:43]} Nf6
{[%clk 0:02:39]} 18. Bf4 {[%clk 0:01:44]} a5 {[%clk 0:02:26]} 19. h3
{[%clk 0:01:44]} Rfe8 {[%clk 0:02:23]} 20. Rac1 {[%clk 0:01:41]} Qe7
{[%clk 0:02:11]} 21. Bxe5 {[%clk 0:01:23]} Qxe5 {[%clk 0:02:11]} 22. Qc4
{[%clk 0:01:24]} Rxd1+ 23. Rxd1 {[%clk 0:01:25]} Rf8 {[%clk 0:01:43]} 24. Bc2
{[%clk 0:00:59]} Nh5 {[%clk 0:01:39]} 25. Qd4 {[%clk 0:00:51]} Qg5
{[%clk 0:01:35]} 26. Ne2 {[%clk 0:00:36]} Bc5 {[%clk 0:01:32]} 27. Qd2
{[%clk 0:00:22]} Qf6 {[%clk 0:01:29]} 28. Nc3 {[%clk 0:00:21]} Nf4
{[%clk 0:01:27]} 29. Kh2 {[%clk 0:00:11]} Ne6 {[%clk 0:01:17]} 30. Kg1
{[%clk 0:00:10]} Rd8 {[%clk 0:01:12]} 31. Qe1 {[%clk 0:00:09]} Nf4
{[%clk 0:01:04]} 32. Rxd8+ {[%clk 0:00:08]} Qxd8 {[%clk 0:01:04]} 33. Bb3
{[%clk 0:00:05]} Nd3 {[%clk 0:01:01]} 34. Qd2 {[%clk 0:00:05]} Bxf2+
{[%clk 0:01:00]} 35. Kh1 {[%clk 0:00:04]} Bb6 {[%clk 0:00:57]} 36. Ne2
{[%clk 0:00:04]} Nf2+ {[%clk 0:00:58]} 0-1

[Event "Russian Blitz Team Championship (w)"]
[Site "Sochi"]
[Date "2022.10.17"]
[Round "11.7"]
[White "Badelka, Olga"]
[Black "Lukina, Aleksandra"]
[Result "1/2-1/2"]
[BlackElo "1942"]
[WhiteElo "2316"]
[LiveChessVersion "1.4.8"]

1. c4 {[%clk 0:03:03]} Nf6 {[%clk 0:03:03]} 2. Nc3 {[%clk 0:03:04]} g6
{[%clk 0:03:03]} 3. d4 {[%clk 0:03:06]} Bg7 {[%clk 0:03:04]} 4. e4
{[%clk 0:03:07]} d6 {[%clk 0:03:05]} 5. Nf3 {[%clk 0:03:07]} O-O {[%clk 0:03:06]}
6. Be2 {[%clk 0:03:08]} e5 {[%clk 0:03:07]} 7. O-O {[%clk 0:03:09]} Nc6
{[%clk 0:03:08]} 8. d5 {[%clk 0:03:10]} Ne7 {[%clk 0:03:10]} 9. b4
{[%clk 0:03:11]} a5 {[%clk 0:03:11]} 10. bxa5 {[%clk 0:03:11]} Rxa5
{[%clk 0:03:12]} 11. a4 {[%clk 0:03:06]} Nd7 {[%clk 0:03:10]} 12. Ba3
{[%clk 0:03:06]} f5 {[%clk 0:03:11]} 13. Bb4 {[%clk 0:02:57]} Ra8
{[%clk 0:03:12]} 14. Ng5 {[%clk 0:02:08]} Nf6 {[%clk 0:03:06]} 15. c5
{[%clk 0:02:01]} h6 {[%clk 0:02:49]} 16. Ne6 {[%clk 0:01:56]} Bxe6
{[%clk 0:02:49]} 17. dxe6 {[%clk 0:01:57]} dxc5 {[%clk 0:02:36]} 18. Bxc5
{[%clk 0:01:57]} Re8 {[%clk 0:02:26]} 19. Qb3 {[%clk 0:01:38]} b6
{[%clk 0:02:01]} 20. Rfd1 {[%clk 0:01:18]} Qc8 {[%clk 0:01:57]} 21. Bxe7
{[%clk 0:01:07]} Rxe7 {[%clk 0:01:57]} 22. Nd5 {[%clk 0:01:09]} Nxd5
{[%clk 0:01:56]} 23. exd5 {[%clk 0:00:55]} Qd8 {[%clk 0:01:39]} 24. Bb5
{[%clk 0:00:53]} Qd6 {[%clk 0:01:36]} 25. Bd7 {[%clk 0:00:51]} Ra5
{[%clk 0:01:31]} 26. Rac1 {[%clk 0:00:50]} Rc5 {[%clk 0:01:29]} 27. Rxc5
{[%clk 0:00:51]} Qxc5 {[%clk 0:01:29]} 28. Qb1 {[%clk 0:00:32]} e4
{[%clk 0:01:19]} 29. Rc1 {[%clk 0:00:29]} Qxd5 {[%clk 0:01:17]} 30. Rxc7
{[%clk 0:00:30]} Bd4 {[%clk 0:01:10]} 31. Rc8+ {[%clk 0:00:21]} Kg7
{[%clk 0:01:11]} 32. Qc1 {[%clk 0:00:11]} Bc5 {[%clk 0:01:06]} 33. Qe1
{[%clk 0:00:12]} Qd4 {[%clk 0:01:01]} 34. h3 {[%clk 0:00:08]} Qd5
{[%clk 0:00:57]} 35. Qc3+ {[%clk 0:00:09]} Bd4 {[%clk 0:00:57]} 36. Qc2
{[%clk 0:00:09]} Bc5 {[%clk 0:00:56]} 37. Qc3+ {[%clk 0:00:09]} Bd4
{[%clk 0:00:57]} 38. Qc4 Qxc4 39. Rxc4 {[%clk 0:00:11]} Be5 {[%clk 0:00:28]} 40.
Rb4 {[%clk 0:00:13]} Bc7 {[%clk 0:00:29]} 41. g4 {[%clk 0:00:13]} Kf6
{[%clk 0:00:29]} 42. gxf5 {[%clk 0:00:14]} gxf5 {[%clk 0:00:29]} 43. Kf1
{[%clk 0:00:14]} Ke5 {[%clk 0:00:30]} 44. Rb5+ {[%clk 0:00:14]} Kf6
{[%clk 0:00:31]} 45. Ke2 {[%clk 0:00:13]} Rg7 {[%clk 0:00:29]} 46. Rb3
{[%clk 0:00:13]} Re7 {[%clk 0:00:29]} 47. Rb5 1/2-1/2

[Event "Russian Blitz Team Championship (w)"]
[Site "Sochi"]
[Date "2022.10.17"]
[Round "11.8"]
[White "Makhno, Maria"]
[Black "Charochkina, Daria"]
[Result "1-0"]
[BlackElo "2282"]
[WhiteElo "1749"]
[LiveChessVersion "1.4.8"]

1. c4 {[%clk 0:03:03]} e5 {[%clk 0:03:02]} 2. Nc3 {[%clk 0:03:03]} Nf6
{[%clk 0:03:03]} 3. Nf3 {[%clk 0:03:04]} Nc6 {[%clk 0:02:59]} 4. e4
{[%clk 0:03:04]} Bb4 {[%clk 0:02:54]} 5. d3 {[%clk 0:03:04]} O-O {[%clk 0:02:53]}
6. a3 {[%clk 0:03:05]} Bxc3+ {[%clk 0:02:49]} 7. bxc3 {[%clk 0:03:05]} d6
{[%clk 0:02:49]} 8. g3 {[%clk 0:03:04]} Nd7 {[%clk 0:02:47]} 9. Bg2
{[%clk 0:02:54]} Nc5 {[%clk 0:02:46]} 10. O-O {[%clk 0:02:41]} a5
{[%clk 0:02:46]} 11. Rb1 {[%clk 0:02:27]} Re8 {[%clk 0:02:20]} 12. Be3
{[%clk 0:02:22]} b6 {[%clk 0:02:16]} 13. Qe2 {[%clk 0:02:13]} a4 {[%clk 0:02:11]}
14. Nd2 {[%clk 0:02:12]} Ba6 {[%clk 0:02:01]} 15. f4 {[%clk 0:02:08]} exf4
{[%clk 0:02:01]} 16. gxf4 {[%clk 0:01:54]} f5 {[%clk 0:02:02]} 17. Bxc5
{[%clk 0:01:46]} bxc5 {[%clk 0:01:38]} 18. e5 {[%clk 0:01:44]} Na5
{[%clk 0:01:17]} 19. Bd5+ {[%clk 0:01:24]} Kh8 {[%clk 0:01:18]} 20. Bxa8
{[%clk 0:00:53]} Qxa8 {[%clk 0:01:19]} 21. Nf3 {[%clk 0:00:48]} Nb3
{[%clk 0:01:17]} 22. Qg2 {[%clk 0:00:44]} Bb7 {[%clk 0:01:15]} 23. Rf2
{[%clk 0:00:40]} dxe5 {[%clk 0:01:13]} 24. Re1 {[%clk 0:00:28]} e4
{[%clk 0:01:07]} 25. dxe4 {[%clk 0:00:23]} Bxe4 {[%clk 0:00:49]} 26. Qh3
{[%clk 0:00:13]} h6 {[%clk 0:00:42]} 27. Ng5 {[%clk 0:00:07]} Bc6
{[%clk 0:00:35]} 28. Nf7+ {[%clk 0:00:05]} Kg8 {[%clk 0:00:35]} 29. Ne5
{[%clk 0:00:04]} Be4 {[%clk 0:00:29]} 30. Qh5 {[%clk 0:00:03]} Re7
{[%clk 0:00:25]} 31. Rd1 {[%clk 0:00:04]} Qc8 {[%clk 0:00:15]} 32. Rff1
{[%clk 0:00:03]} Re8 {[%clk 0:00:08]} 33. Kf2 {[%clk 0:00:04]} Qe6
{[%clk 0:00:07]} 34. Rg1 {[%clk 0:00:04]} Kh7 {[%clk 0:00:06]} 35. Qh4
{[%clk 0:00:04]} Na5 {[%clk 0:00:05]} 36. Rd7 {[%clk 0:00:04]} Rg8
{[%clk 0:00:06]} 37. Qg3 {[%clk 0:00:04]} Qf6 {[%clk 0:00:06]} 38. Qe3
{[%clk 0:00:03]} Nb3 {[%clk 0:00:05]} 39. Qg3 {[%clk 0:00:04]} Na5
{[%clk 0:00:06]} 40. Qe3 {[%clk 0:00:05]} Nb3 1-0

[Event "Russian Blitz Team Championship (w)"]
[Site "Sochi"]
[Date "2022.10.17"]
[Round "11.9"]
[White "Voit, Daria"]
[Black "Bogumil, Tatiana"]
[Result "1-0"]
[BlackElo "2082"]
[WhiteElo "2247"]
[LiveChessVersion "1.4.8"]

1. d4 {[%clk 0:03:02]} Nf6 {[%clk 0:03:03]} 2. c4 {[%clk 0:03:03]} c5
{[%clk 0:03:05]} 3. d5 {[%clk 0:03:03]} b5 {[%clk 0:03:06]} 4. Qc2
{[%clk 0:03:04]} bxc4 {[%clk 0:03:04]} 5. e4 {[%clk 0:03:04]} d6 {[%clk 0:03:05]}
6. Nf3 {[%clk 0:03:04]} Nbd7 {[%clk 0:02:53]} 7. Bxc4 {[%clk 0:03:03]} g6
{[%clk 0:02:54]} 8. O-O {[%clk 0:03:02]} Bg7 {[%clk 0:02:55]} 9. Nc3
{[%clk 0:02:53]} O-O {[%clk 0:02:55]} 10. h3 {[%clk 0:02:51]} h6 {[%clk 0:02:20]}
11. Re1 {[%clk 0:02:50]} Nb6 {[%clk 0:02:03]} 12. Bb5 {[%clk 0:02:51]} Nfd7
{[%clk 0:01:58]} 13. Bd2 {[%clk 0:02:50]} Rb8 {[%clk 0:01:54]} 14. a4
{[%clk 0:02:51]} Na8 {[%clk 0:01:46]} 15. a5 {[%clk 0:02:51]} a6 {[%clk 0:01:41]}
16. Bc4 {[%clk 0:02:32]} Nc7 {[%clk 0:01:34]} 17. Ra2 {[%clk 0:02:25]} Kh7
{[%clk 0:01:34]} 18. Qd3 {[%clk 0:02:20]} Ne5 {[%clk 0:01:30]} 19. Nxe5
{[%clk 0:02:20]} Bxe5 {[%clk 0:01:31]} 20. Na4 {[%clk 0:01:55]} Bd7
{[%clk 0:01:22]} 21. Nb6 {[%clk 0:01:55]} Bb5 {[%clk 0:01:20]} 22. b3
{[%clk 0:01:55]} e6 {[%clk 0:00:57]} 23. f4 {[%clk 0:01:51]} Bd4+
{[%clk 0:00:33]} 24. Be3 {[%clk 0:01:52]} Bg7 {[%clk 0:00:29]} 25. Bf2
{[%clk 0:01:39]} exd5 {[%clk 0:00:29]} 26. exd5 {[%clk 0:01:34]} Re8
{[%clk 0:00:22]} 27. Rae2 {[%clk 0:01:34]} Rxe2 {[%clk 0:00:22]} 28. Rxe2
{[%clk 0:01:34]} Rb7 {[%clk 0:00:19]} 29. Qe4 {[%clk 0:01:09]} Qf6
{[%clk 0:00:19]} 30. g3 {[%clk 0:01:10]} Rb8 {[%clk 0:00:05]} 31. Bxb5
{[%clk 0:01:09]} Nxb5 {[%clk 0:00:06]} 32. Nd7 {[%clk 0:01:09]} Qd8
{[%clk 0:00:04]} 33. Nxb8 {[%clk 0:01:09]} Qxb8 {[%clk 0:00:05]} 34. Qe7
{[%clk 0:01:05]} Nc3 {[%clk 0:00:04]} 35. Re1 {[%clk 0:01:02]} Nxd5 1-0

[Event "Russian Blitz Team Championship (w)"]
[Site "Sochi"]
[Date "2022.10.17"]
[Round "11.10"]
[White "Sirotkina, Nina"]
[Black "Bivol, Alina"]
[Result "1/2-1/2"]
[BlackElo "2264"]
[WhiteElo "2090"]
[LiveChessVersion "1.4.8"]

1. d4 {[%clk 0:03:03]} d5 {[%clk 0:03:03]} 2. Bf4 {[%clk 0:03:04]} Nf6
{[%clk 0:03:02]} 3. e3 {[%clk 0:03:05]} e6 {[%clk 0:03:02]} 4. Nf3
{[%clk 0:03:04]} c5 {[%clk 0:03:03]} 5. c3 {[%clk 0:03:04]} Nc6 {[%clk 0:03:04]}
6. Nbd2 {[%clk 0:03:02]} Nh5 {[%clk 0:03:05]} 7. Bg5 {[%clk 0:02:59]} f6
{[%clk 0:03:06]} 8. Bh4 {[%clk 0:02:59]} g6 {[%clk 0:03:06]} 9. Be2
{[%clk 0:02:46]} Ng7 {[%clk 0:03:07]} 10. Bg3 {[%clk 0:02:43]} Nf5
{[%clk 0:03:05]} 11. O-O {[%clk 0:02:35]} Nxg3 {[%clk 0:03:00]} 12. hxg3
{[%clk 0:02:35]} cxd4 {[%clk 0:02:46]} 13. exd4 {[%clk 0:02:29]} Bg7
{[%clk 0:02:43]} 14. Re1 {[%clk 0:02:24]} O-O {[%clk 0:02:43]} 15. Nf1
{[%clk 0:01:46]} e5 {[%clk 0:02:35]} 16. dxe5 {[%clk 0:01:39]} fxe5
{[%clk 0:02:36]} 17. Ne3 {[%clk 0:01:37]} d4 {[%clk 0:02:33]} 18. Bc4+
{[%clk 0:01:35]} Kh8 {[%clk 0:02:33]} 19. cxd4 {[%clk 0:01:32]} Nxd4
{[%clk 0:02:17]} 20. Nxd4 {[%clk 0:01:18]} exd4 {[%clk 0:02:15]} 21. Nd5
{[%clk 0:01:14]} Bd7 {[%clk 0:01:23]} 22. Nf4 {[%clk 0:01:13]} Qf6
{[%clk 0:01:15]} 23. Qd2 {[%clk 0:00:53]} Rae8 {[%clk 0:01:10]} 24. Bd5
{[%clk 0:00:48]} Bc6 {[%clk 0:00:50]} 25. Bxc6 {[%clk 0:00:38]} Qxc6
{[%clk 0:00:39]} 26. Nd3 {[%clk 0:00:30]} a6 {[%clk 0:00:28]} 27. a3
{[%clk 0:00:25]} Qd6 {[%clk 0:00:29]} 28. Rxe8 {[%clk 0:00:23]} Rxe8
{[%clk 0:00:30]} 29. Re1 {[%clk 0:00:24]} Rxe1+ {[%clk 0:00:29]} 30. Qxe1
{[%clk 0:00:24]} h6 {[%clk 0:00:28]} 31. Qe4 {[%clk 0:00:23]} b5 {[%clk 0:00:24]}
32. Nf4 {[%clk 0:00:16]} Kh7 {[%clk 0:00:22]} 33. Nd3 {[%clk 0:00:17]} a5
{[%clk 0:00:21]} 34. g4 {[%clk 0:00:14]} b4 {[%clk 0:00:19]} 35. axb4
{[%clk 0:00:15]} axb4 {[%clk 0:00:20]} 36. g3 {[%clk 0:00:15]} Qf6
{[%clk 0:00:18]} 37. Kg2 {[%clk 0:00:16]} Qd6 {[%clk 0:00:15]} 38. Nf4
{[%clk 0:00:17]} b3 {[%clk 0:00:13]} 39. Nd3 {[%clk 0:00:18]} Qb6
{[%clk 0:00:12]} 40. Nf4 {[%clk 0:00:17]} Qd6 {[%clk 0:00:13]} 41. Nd3
{[%clk 0:00:19]} Qf6 {[%clk 0:00:09]} 42. Nf4 {[%clk 0:00:19]} 1/2-1/2

[Event "Russian Blitz Team Championship (w)"]
[Site "Sochi"]
[Date "2022.10.17"]
[Round "11.11"]
[White "Kovalevskaya, Ekaterina"]
[Black "Mikhaylova, Irina"]
[Result "1-0"]
[BlackElo "2166"]
[WhiteElo "2254"]
[LiveChessVersion "1.4.8"]

1. Nf3 {[%clk 0:03:03]} Nf6 {[%clk 0:03:03]} 2. g3 {[%clk 0:03:04]} g6
{[%clk 0:03:05]} 3. Bg2 {[%clk 0:03:05]} Bg7 {[%clk 0:03:06]} 4. O-O
{[%clk 0:03:05]} O-O {[%clk 0:03:06]} 5. d4 {[%clk 0:03:06]} d5 {[%clk 0:03:07]}
6. Be3 {[%clk 0:03:02]} c6 {[%clk 0:03:03]} 7. Qc1 {[%clk 0:03:02]} Re8
{[%clk 0:03:04]} 8. Bh6 {[%clk 0:02:50]} Bh8 {[%clk 0:03:05]} 9. c4
{[%clk 0:02:32]} Bf5 {[%clk 0:02:55]} 10. h3 {[%clk 0:01:50]} Ne4
{[%clk 0:02:40]} 11. Nc3 {[%clk 0:01:33]} Nxc3 {[%clk 0:02:33]} 12. bxc3
{[%clk 0:01:18]} dxc4 {[%clk 0:02:10]} 13. Nd2 {[%clk 0:01:07]} Be6
{[%clk 0:02:05]} 14. e4 {[%clk 0:01:04]} a5 {[%clk 0:01:39]} 15. a4
{[%clk 0:01:00]} Na6 {[%clk 0:01:24]} 16. Rb1 {[%clk 0:00:59]} Qc8
{[%clk 0:01:20]} 17. Kh2 {[%clk 0:00:56]} Nc7 {[%clk 0:01:11]} 18. Nf3
{[%clk 0:00:57]} b5 {[%clk 0:01:01]} 19. axb5 {[%clk 0:00:51]} Nxb5
{[%clk 0:00:56]} 20. Ng5 {[%clk 0:00:51]} Bd7 {[%clk 0:00:48]} 21. e5
{[%clk 0:00:43]} Bf5 {[%clk 0:00:39]} 22. Ra1 {[%clk 0:00:31]} Bd3
{[%clk 0:00:36]} 23. Re1 {[%clk 0:00:28]} a4 {[%clk 0:00:38]} 24. Qf4
{[%clk 0:00:25]} Bf5 {[%clk 0:00:33]} 25. Qh4 {[%clk 0:00:20]} f6
{[%clk 0:00:25]} 26. exf6 {[%clk 0:00:18]} exf6 {[%clk 0:00:26]} 27. Ne4
{[%clk 0:00:14]} Qd8 {[%clk 0:00:19]} 28. Bd2 {[%clk 0:00:14]} Bg7
{[%clk 0:00:17]} 29. Nc5 {[%clk 0:00:15]} Qd6 {[%clk 0:00:16]} 30. Rxe8+
{[%clk 0:00:11]} Rxe8 {[%clk 0:00:17]} 31. Rxa4 {[%clk 0:00:11]} Re2
{[%clk 0:00:18]} 32. Ra8+ {[%clk 0:00:12]} Bf8 {[%clk 0:00:19]} 33. Bh6
{[%clk 0:00:11]} 1-0